Visualizzazione normale
Vista MARC
- Delibes Leo
di Personal Name
Records bibliografici associati: 1
001 - CONTROL NUMBER
- control field: 20621
003 - CONTROL NUMBER IDENTIFIER
- control field: IT-RoPau
005 - DATE AND TIME OF LATEST TRANSACTION
- control field: 20140413113716.0
008 - FIXED-LENGTH DATA ELEMENTS
- fixed length control field: 140413|| aca||aabn | a|a d
040 ## - CATALOGING SOURCE
- Original cataloging agency: IT-RoPau
- Transcribing agency: IT-RoPau
100 ## - HEADING--PERSONAL NAME
- Personal name: Delibes Leo
- Dates associated with a name: Codice autore musica SPICS: 7951
- Relator term: Autore musica
- Name of part/section of a work: Aria delle campanelle (da "Lakmé")
670 ## - SOURCE DATA FOUND
- Source citation: Work cat.: (IT-RoPau)99723: AA.VV. 794, Romanze indimenticabili, vol. 02